000 00518nam a2200181 a 4500
001 0070
005 20140414131904.0
008 040728s19uu xx 00 eng d
020 _a0-590-74589-1
050 _aFIC
_bSt5 1996
100 _aHughes, Francine
245 _aGoosebumps presents :
_breturn of the mummy /
_cadapted by Francine Hughes.
260 _aNew York :
_bScholastic,
_c1996.
300 _a63 p. : ill. ; cm.
520 _aBased on the novel by R. L. Stine
650 _aFiction.
999 _c110867
_d110867